中国所有地级行政区(点选版) - Statistics

General Stats
  • This quiz has been taken 29 times
  • The average score is 224 of 333
Answers on the Map
Answers color-coded by a green-red scale on the quiz's map according to % correct below.
 
Answer Stats
Answer % Correct
石家庄市
85%
大兴安岭地区
85%
南京市
85%
苏州市
85%
南通市
85%
连云港市
85%
盐城市
85%
泰州市
85%
杭州市
85%
三亚市
85%
唐山市
77%
秦皇岛市
77%
邯郸市
77%
保定市
77%
张家口市
77%
承德市
77%
沧州市
77%
衡水市
77%
呼和浩特市
77%
包头市
77%
乌海市
77%
通辽市
77%
鄂尔多斯市
77%
呼伦贝尔市
77%
巴彦淖尔市
77%
兴安盟
77%
阿拉善盟
77%
大连市
77%
丹东市
77%
吉林市
77%
白城市
77%
哈尔滨市
77%
齐齐哈尔市
77%
大庆市
77%
七台河市
77%
牡丹江市
77%
徐州市
77%
淮安市
77%
镇江市
77%
宿迁市
77%
宁波市
77%
温州市
77%
绍兴市
77%
金华市
77%
舟山市
77%
台州市
77%
丽水市
77%
合肥市
77%
黄山市
77%
厦门市
77%
泉州市
77%
宁德市
77%
济南市
77%
青岛市
77%
枣庄市
77%
烟台市
77%
潍坊市
77%
威海市
77%
日照市
77%
三门峡市
77%
武汉市
77%
恩施土家族苗族自治州
77%
湘潭市
77%
张家界市
77%
广州市
77%
深圳市
77%
珠海市
77%
汕头市
77%
江门市
77%
湛江市
77%
肇庆市
77%
惠州市
77%
阳江市
77%
中山市
77%
海口市
77%
儋州市
77%
成都市
77%
攀枝花市
77%
阿坝藏族羌族自治州
77%
凉山彝族自治州
77%
西安市
77%
延安市
77%
汉中市
77%
榆林市
77%
酒泉市
77%
克拉玛依市
77%
昌吉回族自治州
77%
邢台市
69%
廊坊市
69%
大同市
69%
阳泉市
69%
晋城市
69%
朔州市
69%
晋中市
69%
运城市
69%
忻州市
69%
临汾市
69%
吕梁市
69%
赤峰市
69%
乌兰察布市
69%
锡林郭勒盟
69%
沈阳市
69%
鞍山市
69%
抚顺市
69%
本溪市
69%
锦州市
69%
阜新市
69%
辽阳市
69%
盘锦市
69%
铁岭市
69%
朝阳市
69%
葫芦岛市
69%
长春市
69%
四平市
69%
辽源市
69%
白山市
69%
松原市
69%
延边朝鲜族自治州
69%
双鸭山市
69%
伊春市
69%
佳木斯市
69%
黑河市
69%
绥化市
69%
无锡市
69%
常州市
69%
扬州市
69%
嘉兴市
69%
湖州市
69%
蚌埠市
69%
淮南市
69%
马鞍山市
69%
淮北市
69%
铜陵市
69%
安庆市
69%
滁州市
69%
阜阳市
69%
宿州市
69%
六安市
69%
亳州市
69%
福州市
69%
三明市
69%
南平市
69%
南昌市
69%
景德镇市
69%
九江市
69%
鹰潭市
69%
赣州市
69%
上饶市
69%
淄博市
69%
东营市
69%
济宁市
69%
泰安市
69%
临沂市
69%
聊城市
69%
滨州市
69%
菏泽市
69%
郑州市
69%
开封市
69%
洛阳市
69%
平顶山市
69%
安阳市
69%
鹤壁市
69%
新乡市
69%
焦作市
69%
漯河市
69%
南阳市
69%
信阳市
69%
周口市
69%
十堰市
69%
襄阳市
69%
鄂州市
69%
长沙市
69%
衡阳市
69%
岳阳市
69%
常德市
69%
益阳市
69%
湘西土家族苗族自治州
69%
佛山市
69%
茂名市
69%
梅州市
69%
汕尾市
69%
揭阳市
69%
云浮市
69%
梧州市
69%
北海市
69%
泸州市
69%
绵阳市
69%
广元市
69%
乐山市
69%
达州市
69%
雅安市
69%
甘孜藏族自治州
69%
黔西南布依族苗族自治州
69%
黔东南苗族侗族自治州
69%
黔南布依族苗族自治州
69%
拉萨市
69%
昌都市
69%
那曲市
69%
阿里地区
69%
宝鸡市
69%
咸阳市
69%
渭南市
69%
安康市
69%
商洛市
69%
嘉峪关市
69%
武威市
69%
张掖市
69%
陇南市
69%
临夏回族自治州
69%
西宁市
69%
海北藏族自治州
69%
银川市
69%
石嘴山市
69%
固原市
69%
乌鲁木齐市
69%
吐鲁番市
69%
哈密市
69%
巴音郭楞蒙古自治州
69%
塔城地区
69%
阿勒泰地区
69%
太原市
62%
长治市
62%
营口市
62%
通化市
62%
鸡西市
62%
鹤岗市
62%
衢州市
62%
池州市
62%
宣城市
62%
莆田市
62%
漳州市
62%
龙岩市
62%
萍乡市
62%
新余市
62%
吉安市
62%
宜春市
62%
抚州市
62%
德州市
62%
濮阳市
62%
许昌市
62%
商丘市
62%
驻马店市
62%
荆门市
62%
孝感市
62%
荆州市
62%
黄冈市
62%
随州市
62%
株洲市
62%
郴州市
62%
永州市
62%
怀化市
62%
娄底市
62%
韶关市
62%
河源市
62%
东莞市
62%
潮州市
62%
南宁市
62%
桂林市
62%
防城港市
62%
百色市
62%
河池市
62%
崇左市
62%
三沙市
62%
自贡市
62%
德阳市
62%
遂宁市
62%
内江市
62%
南充市
62%
眉山市
62%
广安市
62%
巴中市
62%
贵阳市
62%
昆明市
62%
曲靖市
62%
文山壮族苗族自治州
62%
西双版纳傣族自治州
62%
德宏傣族景颇族自治州
62%
怒江傈僳族自治州
62%
铜川市
62%
兰州市
62%
海南藏族自治州
62%
海西蒙古族藏族自治州
62%
中卫市
62%
和田地区
62%
芜湖市
54%
宜昌市
54%
咸宁市
54%
邵阳市
54%
清远市
54%
柳州市
54%
贵港市
54%
玉林市
54%
来宾市
54%
宜宾市
54%
资阳市
54%
六盘水市
54%
遵义市
54%
安顺市
54%
毕节市
54%
铜仁市
54%
昭通市
54%
丽江市
54%
普洱市
54%
楚雄彝族自治州
54%
大理白族自治州
54%
日喀则市
54%
林芝市
54%
天水市
54%
平凉市
54%
庆阳市
54%
定西市
54%
甘南藏族自治州
54%
海东市
54%
黄南藏族自治州
54%
果洛藏族自治州
54%
玉树藏族自治州
54%
吴忠市
54%
阿克苏地区
54%
克孜勒苏柯尔克孜自治州
54%
喀什地区
54%
黄石市
46%
钦州市
46%
贺州市
46%
玉溪市
46%
红河哈尼族彝族自治州
46%
山南市
46%
金昌市
46%
白银市
46%
博尔塔拉蒙古自治州
46%
伊犁哈萨克自治州
46%
保山市
38%
临沧市
38%
迪庆藏族自治州
31%
No matching quizzes found
Score Distribution
Percent of People with Each Score
Percentile by Number Answered
Your Score History
You have not taken this quiz